| 000 | 00669nam a2200193 i 4500 | ||
|---|---|---|---|
| 001 | 111121 | ||
| 003 | ES-MaACL | ||
| 005 | 20230906185239.0 | ||
| 007 | t| | ||
| 008 | 061121s1965 sp r ||||1| spa d | ||
| 100 | 1 |
_aOlaechea, Rafael. _986637 |
|
| 245 | 1 | 4 |
_aLas relaciones hispano-romanas en la segunda mitad del XVIII _b: la Agencia preces / _cRafael Olaechea. |
| 260 |
_aZaragoza : _bEl Noticiero, _c1965. |
||
| 300 |
_a2 v. ; _c25 cm. |
||
| 610 | 2 | 4 |
_aIglesia Católica- _xRelaciones- _zEspaña. _9151832 |
| 650 | 4 |
_aIglesia y Estado- _zEspaña- _yS.XVIII. _9140389 |
|
| 651 | 4 |
_aEspaña- _xRelaciones- _xIglesia Católica. _9149728 |
|
| 852 |
_aES-MaACL _jC-27933-34 |
||
| 999 |
_c111121 _d111121 |
||